000 01440nam a2200349 a 4500
001 ebr10534243
003 CaPaEBR
006 m u
007 cr cn|||||||||
008 110802s2011 nyu sb 001 0 eng d
010 _z 2011032776
020 _z9780815609902 (cloth alk. paper)
020 _z9780815650768 (e-book)
040 _aCaPaEBR
_cCaPaEBR
035 _a(OCoLC)785782969
043 _an-us---
050 1 4 _aHV6545
_b.S93 2011eb
082 0 4 _a616.85/8445
_223
100 1 _aSzasz, Thomas,
_d1920-2012.
245 1 0 _aSuicide prohibition
_h[electronic resource] :
_bthe shame of medicine /
_cThomas Szasz.
250 _a1st ed.
260 _aSyracuse, N.Y. :
_bSyracuse University Press,
_cc2011.
300 _axv, 132 p.
504 _aIncludes bibliographical references and index.
505 0 _aSuicide prohibition -- The suicide prohibition agent -- The marriage of Asclepius and Atropos -- Separation : emigration, secession, suicide -- The shame of medicine -- Envoi.
533 _aElectronic reproduction.
_bPalo Alto, Calif. :
_cebrary,
_d2013.
_nAvailable via World Wide Web.
_nAccess may be limited to ebrary affiliated libraries.
650 0 _aSuicide.
650 0 _aSuicide
_xPrevention.
655 7 _aElectronic books.
_2local
710 2 _aebrary, Inc.
856 4 0 _uhttp://site.ebrary.com/lib/rucke/Doc?id=10534243
_zAn electronic book accessible through the World Wide Web; click to view
999 _c148866
_d148866